| 000 | 01238cam a22002413a 4500 | ||
|---|---|---|---|
| 001 | 13860 | ||
| 003 | PGUSA | ||
| 005 | 20140828083310.0 | ||
| 008 | 041025s2004||||xxu|||||s|||||000 | eng d | ||
| 040 |
_aPGUSA _beng |
||
| 042 | _adc | ||
| 050 | 4 | _aBS | |
| 100 | 1 |
_aLewis, H. Elvet _q(Howell Elvet) |
|
| 245 | 1 | 0 |
_aMen of the Bible; Some Lesser-Known Characters _h[electronic resource] / _cH. Elvet Lewis |
| 260 |
_bProject Gutenberg, _c2004 |
||
| 505 | 0 | _aEnoch / W.J. Townsend -- Eldad and Medad / A. Rowland -- Barzillai / G. Milligan -- Adonijah / A. Rowland -- Hiram / W.J. Townsend -- Jeroboam / A. Rowland -- Asa / A. Rowland -- Ahaziah / J.G. Greenhough -- Gehazi / J.M. Gibbon -- Hazael / J.G. Greenhough -- Manasseh / J.G. Greenhough -- Amaziah / J.G. Greenhough -- Jabez / J.G. Greenhough -- Simeon / H.E. Lewis -- Pontius Pilate / W.F. Adeney -- Barabbas / J.G. Greenhough -- Joseph of Arimathea / A. Rowland -- Philip, the Evangelist / G. Milligan -- Ananias and Sapphira / G. Milligan -- Demas / D. Rowlands. | |
| 506 | _aPublic domain in the USA. | ||
| 516 | _aElectronic text | ||
| 653 | _aBible -- Biography | ||
| 830 | 0 |
_aProject Gutenberg _v13860 |
|
| 856 | 4 | 0 | _uhttp://www.gutenberg.org/ebooks/13860 |
| 942 | _cEB | ||
| 999 |
_c243115 _d243115 |
||